000
00251nam a22001217a 4500
040
_c
SK
082
_a
636
100
_a
DUK CHHENG
245
_a
ផលិតកម្មសាច់គោ
260
_a
RUA
_b
DUK
_c
2015
300
_a
95p.
942
_c
KB
999
_c
10840
_d
10840